Library of the University of Algiers 3
Ibrahim Sultan Cheibout
شعار جامعة الجزائر 3
مكتبة جامعة الجزائر 3
إبراهيم سلطان شيبوط

التوزيع : (رقم التسجيلة. 45030)

تفاصيل مارك
000 -LEADER
fixed length control field 01155nam a2200265Ia 4500
003 - CONTROL NUMBER IDENTIFIER
control field Ost
005 - DATE AND TIME OF LATEST TRANSACTION
control field 20260507075604.0
008 - FIXED-LENGTH DATA ELEMENTS--GENERAL INFORMATION
fixed length control field 260507s9999||||xx |||||||||||||| ||und||
020 ## - INTERNATIONAL STANDARD BOOK NUMBER
International Standard Book Number 9957114484
040 ## - CATALOGING SOURCE
Transcribing agency fsecg
041 ## - LANGUAGE CODE
Language code of text/sound track or separate title ara
082 ## - DEWEY DECIMAL CLASSIFICATION NUMBER
Classification number 330
100 ## - MAIN ENTRY--PERSONAL NAME
Personal name العسكري، أحمد شاكر
Relator term مؤلف
245 #0 - TITLE STATEMENT
Title التوزيع :
Remainder of title مدخل لوجستي دولي /
Statement of responsibility, etc. أحمد شاكر العسكري
250 ## - EDITION STATEMENT
Edition statement طبعة 2
260 ## - PUBLICATION, DISTRIBUTION, ETC.
Place of publication, distribution, etc. عمان:
Name of publisher, distributor, etc. دار وائل,
Date of publication, distribution, etc. 2008
300 ## - PHYSICAL DESCRIPTION
Extent 380 صفحة؛
Other physical details إيضاحات ؛
Dimensions 24 سم
504 ## - BIBLIOGRAPHY, ETC. NOTE
Bibliography, etc. note مراجع ص.375
520 ## - SUMMARY, ETC.
Summary, etc. سياسات التوزيع، التوزيع المادي، التوزيع اللوجيستي والتكاليف، اللوجستيك وعناصر التوزيع، النموذج العام لمشكلة النقل، التخطيط المستقبلي للتوزيع المادي، الترميز السلعي وأهمية التوزيع.
653 ## - INDEX TERM--UNCONTROLLED
Uncontrolled term ادارة الأعمال
653 ## - INDEX TERM--UNCONTROLLED
Uncontrolled term ادارة المبيعات
653 ## - INDEX TERM--UNCONTROLLED
Uncontrolled term التسويق
700 ## - ADDED ENTRY--PERSONAL NAME
Personal name الكنعاني، خليل ابراهيم
Relator term مؤلف ثانوي
942 ## - ADDED ENTRY ELEMENTS (KOHA)
Koha item type كتب

لا توجد مواد متاحة.

موارد الويب المفتوحة


© University of Algiers 3 All Rights Reserved
|
Implemented by LECHELAH Riad